Catálogo público

Visión y misión agroempresarial: qué hacer hoy, para la agricultura del mañana / Manrrubio Muñoz Rodríguez; coautor Vinicio Horacio Santoyo Cortés (Record no. 217044)

MARC details
000 -CABECERA
campo de control de longitud fija 01002nam a2200241Ia 4500
001 - NÚMERO DE CONTROL
campo de control Z_6038
008 - DATOS DE LONGITUD FIJA--INFORMACIÓN GENERAL
campo de control de longitud fija 220601s9999 xx 000 0 und d
020 ## - NÚMERO INTERNACIONAL ESTÁNDAR DEL LIBRO
Número Internacional Estándar del Libro 968-884-297-4
082 ## - NÚMERO DE LA CLASIFICACIÓN DECIMAL DEWEY
Número de clasificación 338.763 M86
100 1# - ENTRADA PRINCIPAL--NOMBRE DE PERSONA
Nombre de persona Muñoz Rodríguez, Manrrubio
9 (RLIN) 79670
245 ## - MENCIÓN DE TÍTULO
Título Visión y misión agroempresarial: qué hacer hoy, para la agricultura del mañana / Manrrubio Muñoz Rodríguez; coautor Vinicio Horacio Santoyo Cortés
260 ## - PUBLICACIÓN, DISTRIBUCIÓN, ETC.
Lugar de publicación, distribución, etc. México : Universidad Autónoma Chapingo; Centro de Investigaciones Económicas, Sociales y Tecnológicas de la Agricultura y Agroindustria Mundial
300 ## - DESCRIPCIÓN FÍSICA
Extensión 297 p.
503 ## - NOTA DE HISTORIA BIBLIOGRÁFICA (BK CF MU) [OBSOLETO]
Nota de historia bibliográfica ej.1:
504 ## - NOTA DE BIBLIOGRAFÍA, ETC.
Nota de bibliografía, etc. Incluye bibliografía
650 ## - PUNTO DE ACCESO ADICIONAL DE MATERIA--TÉRMINO DE MATERIA
Término de materia o nombre geográfico como elemento de entrada 1.Empresas agrícolas 2.Instituciones financieras 3.Modalidades de asociación 4.Agronegocios
9 (RLIN) 183096
700 ## - PUNTO DE ACCESO ADICIONAL--NOMBRE DE PERSONA
Nombre de persona I. Santoyo Cortés, Vinicio Horacio, coaut.Ì
9 (RLIN) 183097
901 ## - ELEMENTOS DE DATOS A LOCAL LDA (RLIN)
a 338.763 M86
902 ## - ELEMENTOS DE DATOS B LOCAL, LDB (RLIN)
a M
905 ## - ELEMENTOS DE DATOS E LOCAL, LDE (RLIN)
a 0000001994 mx mn 0000000000spa00
942 ## - ELEMENTOS DE PUNTO DE ACCESO ADICIONAL (KOHA)
Tipo de ítem Koha Libro_
Holdings
Estado de retiro Estado de pérdida Fuente del sistema de clasificación o colocación Estado dañado No para préstamo Código de colección Localización permanente Ubicación/localización actual Ubicación en estantería Fecha de adquisición Total de préstamos Código de barras Fecha visto por última vez Número de copia Precio válido a partir de Tipo de ítem Koha
    Dewey Decimal Classification     General Zootecnia Zootecnia   20/10/2011   z_1489 02/06/2022 1 02/06/2022 Libro